[Event "Treviso op-D 1st"]
[Site "Treviso"]
[Date "2017.03.17"]
[Round "1.4"]
[White "De Simon, Maurizio"]
[Black "Cremonese, Giulio"]
[Result "1-0"]
[WhiteElo "1451"]
[BlackElo "1389"]
[PlyCount "29"]
[EventDate "2017.03.17"]
[EventType "swiss"]
[EventRounds "5"]
[EventCountry "ITA"]
[SourceTitle "EXT 2024"]
[Source "ChessBase"]
[SourceDate "2023.10.10"]
[SourceVersion "1"]
[SourceVersionDate "2023.10.10"]
[SourceQuality "1"]

1. Nf3 d5 2. g3 e6 3. Bg2 Nf6 4. c4 dxc4 5. Qa4+ Bd7 6. Qxc4 Nc6 7. Nc3 Be7 8. 0-0 0-0 9. d4 Bb4 10. a3 Bxc3 11. bxc3 Na5 12. Qb4 b6 13. Ne5 Nd5 14. Qb2 Nc4 15. Nxc4 1-0

[Event "Treviso op-B 34th"]
[Site "Treviso"]
[Date "2010.12.04"]
[Round "3.8"]
[White "Scian, Nicola"]
[Black "Cremonese, Giulio"]
[Result "1-0"]
[WhiteElo "1737"]
[BlackElo "1404"]
[PlyCount "85"]
[EventDate "2010.12.03"]
[EventType "swiss"]
[EventRounds "5"]
[EventCountry "ITA"]
[SourceTitle "EXT 2024"]
[Source "ChessBase"]
[SourceDate "2023.10.10"]
[SourceVersion "1"]
[SourceVersionDate "2023.10.10"]
[SourceQuality "1"]

1. e4 c5 2. Nf3 e6 3. d4 cxd4 4. Nxd4 Nf6 5. Nc3 Nc6 6. Be3 Bb4 7. f3 Qa5 8. Ndb5 d5 9. Kf2 dxe4 10. Nd6+ Bxd6 11. Qxd6 Qf5 12. Nb5 Ng4+ 13. Kg1 Bd7 14. fxg4 Qe5 15. Nc7+ Kd8 16. Qxe5 Nxe5 17. Nxa8 Ke7 18. Bc5+ Kf6 19. Bd4 Rxa8 20. Be2 Rc8 21. Rf1+ Ke7 22. Bxe5 Rxc2 23. Bd1 Rc1 24. Bf4 Ra1 25. Bb3 Rxf1+ 26. Kxf1 Bb5+ 27. Ke1 f5 28. Be5 g6 29. gxf5 exf5 30. Bd5 Bc6 31. Bxc6 bxc6 32. Bf4 Ke6 33. Ke2 Kd5 34. Rd1+ Kc4 35. Rd7 a5 36. Rxh7 Kb4 37. Rc7 c5 38. Bd6 f4 39. Bxc5+ Kb5 40. Bd4 f3+ 41. gxf3 exf3+ 42. Kd3 f2 43. Bxf2 1-0